|
|
|
|
| LEADER |
01451nam a2200397Ia 4500 |
| 001 |
EBC298869 |
| 003 |
MiAaPQ |
| 005 |
20200520144314.0 |
| 006 |
m o d | |
| 007 |
cr cn||||||||| |
| 008 |
041103s2005 pau sb 001 0 eng d |
| 010 |
|
|
|z 2004062108
|
| 020 |
|
|
|z 159213145X
|
| 020 |
|
|
|z 1592131433 (cloth : alk. paper)
|
| 020 |
|
|
|z 1592131441 (pbk. : alk. paper)
|
| 035 |
|
|
|a (MiAaPQ)EBC298869
|
| 035 |
|
|
|a (Au-PeEL)EBL298869
|
| 035 |
|
|
|a (CaPaEBR)ebr10180180
|
| 035 |
|
|
|a (CaONFJC)MIL109388
|
| 035 |
|
|
|a (OCoLC)808618022
|
| 040 |
|
|
|a MiAaPQ
|c MiAaPQ
|d MiAaPQ
|
| 050 |
|
4 |
|a HM1272
|b .K73 2005
|
| 082 |
0 |
4 |
|a 306
|2 22
|
| 100 |
1 |
|
|a Kraidy, Marwan,
|d 1972-
|
| 245 |
1 |
0 |
|a Hybridity, or the cultural logic of globalization
|h [electronic resource] /
|c Marwan M. Kraidy.
|
| 246 |
3 |
0 |
|a Cultural logic of globalization
|
| 260 |
|
|
|a Philadelphia :
|b Temple University Press,
|c 2005.
|
| 300 |
|
|
|a xiv, 226 p.
|
| 504 |
|
|
|a Includes bibliographical references (p. 163-210) and index.
|
| 533 |
|
|
|a Electronic reproduction. Ann Arbor, MI : ProQuest, 2015. Available via World Wide Web. Access may be limited to ProQuest affiliated libraries.
|
| 650 |
|
0 |
|a Cultural fusion.
|
| 650 |
|
0 |
|a Cultural fusion
|v Case studies.
|
| 650 |
|
0 |
|a Communication, International.
|
| 655 |
|
4 |
|a Electronic books.
|
| 710 |
2 |
|
|a ProQuest (Firm)
|
| 856 |
4 |
0 |
|u https://ebookcentral.proquest.com/lib/matrademy/detail.action?docID=298869
|z Click to View
|